000 00711nam a2200181Ia 4500
008 090630s9999 xx 000 0 und d
082 _b14011
100 _aतेंडूलकर विजय.
245 _aजन्मलेल्या प्रत्येकाला.
_cतेंडूलकर विजय.
260 _bडिंपल - वसई.
_c1991
300 _a172
600 _aतेंडूलकर विजय.
630 _aजन्मलेल्या प्रत्येकाला.
655 _aलघुकथा.
700 _aतेंडूलकर विजय.
730 _aजन्मलेल्या प्रत्येकाला.
942 _cBOOK
999 _c265867
_d265867